55 chanteurs Francophone. - Statistiques

Statistiques générales
  • Ce quiz a été pris 6 539 fois
    3 252 depuis la dernière actualisation
  • Le résultat moyen est 31 sur 55
Statistiques - réponses
Chanson Chanteurs % Correct
Matchistador M
92%
Sapés comme jamais Maitre Gims
87%
Ma philosophie Amel Bent
84%
La Bohème Charles Aznavour
84%
Jour 1 Louane
84%
Mistral gagnant Renaud
84%
Alexandrie, Alexandra Claude Francois
83%
Andalouse Kendji Girac
81%
Tous les cris les S.O.S Daniel Balavoine
78%
J'ai demandé à la lune Indochine
77%
Les Lacs du Connemara Michel Sardou
76%
Je veux Zaz
76%
Je l’aime à mourir Francis Cabrel
75%
Casser la voix Patrick Bruel
75%
My heart will go on Céline Dion
73%
Beau-papa Vianney
73%
On s'attache Christophe Mae
72%
Elle a les yeux revolver Marc Lavoine
72%
En apesenteur Calogero
71%
La grenade Clara Luciani
69%
Au soleil Jenifer
68%
Hymne à l’amour Édith Piaf
66%
L'envie Johnny Hallyday
66%
Relax, Take It Easy Mika
65%
Cendrillon Téléphone
64%
Je suis un homme Zazie | Michel Polnareff
64%
Les Mots bleus Christophe
61%
Ma liberté de penser Florent Pagny
61%
Libertine Mylene Farmer
61%
Ne me quitte pas Jacques Brel
60%
L’Aigle noir Barbara
58%
J'ai cherché Amir
55%
Un homme debout Claudio Capéo
54%
La lettre Renan Luce
52%
Le Paradis blanc Michel Berger
51%
Avec le temps Léo Ferré
47%
La femme chocolat Olivia Ruiz
47%
Le Sud Nino Ferrer
45%
Ton invitation Louise attaque
43%
Rockcollection Laurent Voulzy
39%
Le chemin Kyo
38%
Le diner Benabar
37%
Mon vieux Daniel Guichard
36%
Je suis venu te dire que je m’en vais Serge Gainsbourg
36%
Born to be alive Patrick Hernandez
35%
Tombé M. Pokora
34%
Le vent nous portera Noir Désir
33%
Butterfly Superbus
28%
Eté 90 Thérapie Taxi
28%
Les limites Julien Doré
24%
Et même après je t’aimerai Hoshi
23%
Mon soleil Dadju
21%
Aimer à perdre la raison Jean Ferrat
20%
Respire Mickey 3D | Julien Clerc
20%
Alright Jain
14%
Aucun quiz correspondant
Distribution des résultats
% des personnes avec chaque résultat
Percentile par nombre de réponses
Votre historique - résultats
Vous n’avez pas pris ce quiz depuis la dernière actualisation